| 000 | 00359nam a22001457a 4500 | ||
|---|---|---|---|
| 003 | OSt | ||
| 005 | 20160727222357.0 | ||
| 008 | 160622b xxu||||| |||| 00| 0 eng d | ||
| 040 | _cARMANDA | ||
| 100 |
_9555 _aBerrisford, J, M |
||
| 245 | _aJackie and the Pony Rivals | ||
| 260 |
_aLONDON _bARMNDA _c1981 |
||
| 300 | _aJackie and the Pony Rivals | ||
| 942 |
_2ddc _cBK |
||
| 999 |
_c466 _d466 |
||